[Event "23rd EYCC Girls U18 2013"]
[Site "Budva MNE"]
[Date "2013.10.03"]
[Round "5.3"]
[White "Bivol,A"]
[Black "Imnadze,N"]
[Result "1/2-1/2"]
[WhiteElo "2241"]
[BlackElo "2066"]

1.d4 d5 2.c4 c6 3.Nc3 Nf6 4.Nf3 e6 5.e3 Nbd7 6.Bd3 Bd6 7.e4 dxe4 8.Nxe4 Nxe4
9.Bxe4 e5 10.O-O exd4 11.Qxd4 Qf6 12.Be3 Qxd4 13.Nxd4 Nf6 14.Bf5 Ng4 15.Bxg4 Bxg4
16.Rfe1 O-O-O 17.h3 Bd7 18.Nb3 Be6 19.Bxa7 Bxc4 20.Nd4 Rhe8 21.b3 Bd5 22.Bb6 Bc7
23.Bxc7 Kxc7 24.Nf5 Ra8 25.Rxe8 Rxe8 26.Ne3 Be6 27.Rc1 Rd8 28.Rc2 Kb6 29.f4 f6
30.Re2 Rd7 31.g4 Kc5 32.Kf2 Kb4 33.h4 h6 34.g5 hxg5 35.hxg5 fxg5 36.fxg5 Bd5
37.Ke1 Rf7 38.Nxd5+ cxd5 39.Re5 Kc5 40.g6 Rd7 41.Kd2 Rd6 42.Rg5 Kd4 43.a4 Rb6
44.Rg3 Ke5 45.a5 Rb5 46.Rf3 Rxa5 47.Rf7 Ra2+ 48.Kd3 Rg2 49.Rxg7 Rg3+ 50.Kc2 d4
51.Re7+ Kf6 52.Rxb7 Kxg6 53.Rd7 Rc3+ 54.Kb2 Rd3 55.b4 Kf6 56.b5 Ke6 57.Rd8 Ke7
58.Rd5 Ke6 59.b6 Rh3 60.Rxd4 Rh8 61.Ka3 Rb8 62.Rb4 Kd6 63.b7 Kc7 64.Rc4+ Kxb7
65.Rb4+ Kc7 66.Rxb8 Kxb8  1/2-1/2

[Event "Tatry Open 2013"]
[Site "Tatranske Zruby SVK"]
[Date "2013.10.03"]
[Round "6.11"]
[White "Repka,C"]
[Black "Volodin,V"]
[Result "1-0"]
[WhiteElo "2378"]
[BlackElo "2177"]

1.d4 d5 2.Nf3 e6 3.c4 Nf6 4.Nc3 c6 5.e3 Nbd7 6.Qc2 Bd6 7.Bd3 O-O 8.O-O dxc4
9.Bxc4 b5 10.Be2 Bb7 11.Rd1 Qe7 12.e4 e5 13.dxe5 Nxe5 14.Nd4 Bc5 15.Nf5 Qc7
16.Bf4 Nf3+ 17.Bxf3 Qxf4 18.Ne2 Qe5 19.Nc1 Bb6 20.Nd3 Qe6 21.Nc5 Bxc5 22.Qxc5 Nxe4
23.Bxe4 Qxe4 24.Re1 Qc4 25.Qe5 Qg4 26.h3  1-0

[Event "Kolomenskaya versta IM 2013"]
[Site "Kolomna RUS"]
[Date "2013.10.04"]
[Round "9"]
[White "Odnorozhenko,E"]
[Black "Chumachenko,Alexander"]
[Result "0-1"]
[WhiteElo "2270"]
[BlackElo "2109"]

1.d4 d5 2.c4 c6 3.Nc3 Nf6 4.e3 e6 5.Nf3 Nbd7 6.a4 Bd6 7.Bd3 dxc4 8.Bxc4 O-O
9.O-O Qe7 10.Qc2 e5 11.Bb3 h6 12.a5 e4 13.Nd2 Re8 14.f3 exf3 15.Nxf3 Nf8
16.Bd2 Be6 17.a6 b6 18.Bxe6 Qxe6 19.e4 Nxe4 20.Rae1 f5 21.Nxe4 fxe4 22.Ne5 c5
23.Rxe4 cxd4 24.Rfe1 Qd5 25.Nf3 Rac8 26.Qd3 Rxe4 27.Rxe4 Rd8 28.Nxd4 Bc5
29.Be3 Ne6 30.Rxe6 Qxe6 31.Nxe6 Rxd3 32.Bxc5 bxc5 33.Nxc5 Rd5 34.b4 Rd4 35.b5 Rb4  0-1

[Event "23rd EYCC Girls U18 2013"]
[Site "Budva MNE"]
[Date "2013.10.05"]
[Round "6.17"]
[White "Serebryakova,Svetlana"]
[Black "Horvath,Il"]
[Result "1-0"]
[WhiteElo "1626"]
[BlackElo "1930"]

1.d4 d5 2.Nf3 c6 3.c4 Nf6 4.Nc3 e6 5.e3 Nbd7 6.Bd3 dxc4 7.Bxc4 b5 8.Bd3 b4
9.Ne4 Bb7 10.O-O Nxe4 11.Bxe4 Nf6 12.Bc2 c5 13.Ba4+ Nd7 14.Ne5 Bc8 15.Nxf7 Kxf7
16.Qf3+ Nf6 17.Qxa8 Bd6 18.Qxa7+ Kf8 19.f3 Nd5 20.dxc5 Bc7 21.f4 Kf7 22.Rd1 Qe7
23.Bb3 Nf6 24.Bd2 Rf8 25.Be1 Ng4 26.Bf2 Kg8 27.Rd4 Rf7 28.Qa8 Rf8 29.Qc6 Kh8
30.Rad1 e5 31.Rd7 Bxd7 32.Rxd7 Qe8 33.Qxc7 Qh5 34.h3 Nxf2 35.Kxf2 exf4 36.exf4 Qh4+
37.g3 Qxh3 38.Rd8 Qh2+ 39.Kf3 Qh1+ 40.Kg4 h5+ 41.Kg5 Rxd8 42.Qxd8+ Kh7 43.Bc2+ g6
44.Qe7+ Kg8 45.Bb3+ Kh8 46.Qf6+ Kh7 47.Qxg6+ Kh8 48.Qg8+  1-0

[Event "23rd EYCC Girls U18 2013"]
[Site "Budva MNE"]
[Date "2013.10.05"]
[Round "6.23"]
[White "Gulay,Ayca Nuriye"]
[Black "Korbovljanovic,N"]
[Result "1/2-1/2"]
[WhiteElo "1634"]
[BlackElo "1897"]

1.d4 d5 2.c4 c6 3.Nf3 Nf6 4.Nc3 e6 5.e3 Bd6 6.Qc2 Nbd7 7.Be2 O-O 8.O-O dxc4
9.Bxc4 e5 10.Ne4 Bc7 11.Rd1 Qe7 12.b3 exd4 13.Nxf6+ Qxf6 14.Bb2 Ne5 15.Nxd4 Qh4
16.g3 Qh6 17.Bd3 Bg4 18.Be2 Qh5 19.f4 Nf3+ 20.Bxf3 Bxf3 21.Qc3 f6 22.Nxf3 Qxf3
23.Rf1 Qe4 24.Qd4 Qxd4 25.Bxd4 Rfd8 26.Rad1 b6 27.Kf2 Rd7 28.Bb2 Rad8 29.Ke2 Bd6
30.Bc3 Bc5 31.Rxd7 Rxd7 32.Bd2 Kf7 33.b4 Be7 34.Rd1 c5 35.a3 Ke6 36.e4 c4
37.Bc3 Rxd1 38.Kxd1 b5 39.Ke2 Bd8 40.Kf3 Bb6 41.Kg2  1/2-1/2

[Event "TCh-AUT 2nd Mitte 2013-14"]
[Site "Fuerstenfeld AUT"]
[Date "2013.10.05"]
[Round "2.6"]
[White "Kaltenberger,Heinrich"]
[Black "Heimberger,R"]
[Result "0-1"]
[WhiteElo "1933"]
[BlackElo "2313"]

1.d4 d5 2.c4 e6 3.Nf3 Nf6 4.Nc3 c6 5.e3 Ne4 6.Nxe4 dxe4 7.Ne5 Nd7 8.f4 exf3
9.Nxf7 f2+ 10.Kd2 Kxf7 11.Kc2 Bb4 12.a3 Be1 13.Bd3 Qa5 14.Qf3+ Nf6 15.c5 e5
16.Bc4+ Be6 17.b4 Qa4+ 18.Kb2 Bxc4 19.e4 exd4  0-1

[Event "Frauenbundesliga 2013-14"]
[Site "Germany GER"]
[Date "2013.10.05"]
[Round "1.4"]
[White "Savina,A"]
[Black "Olsarova,T"]
[Result "1-0"]
[WhiteElo "2403"]
[BlackElo "2245"]

1.d4 d5 2.c4 c6 3.Nc3 Nf6 4.e3 e6 5.Nf3 Nbd7 6.Qc2 Bd6 7.Bd3 O-O 8.O-O dxc4
9.Bxc4 e5 10.h3 Qe7 11.Bb3 b5 12.Bd2 a5 13.a3 Bb7 14.Ng5 b4 15.axb4 axb4
16.Rxa8 Bxa8 17.Nce4 Nxe4 18.Nxe4 c5 19.dxc5 Bxe4 20.cxd6 Qxd6 21.Qxe4 Qxd2
22.Rd1 Nc5 23.Qc4  1-0

[Event "TCh-CRO II Liga 2013"]
[Site "Primosten CRO"]
[Date "2013.10.05"]
[Round "5.3"]
[White "Truta,S"]
[Black "Vukic,Boris"]
[Result "1-0"]
[WhiteElo "2182"]
[BlackElo "1984"]

1.d4 d5 2.Nf3 Nf6 3.c4 c6 4.Nc3 e6 5.e3 Nbd7 6.Bd3 Be7 7.b3 O-O 8.O-O b6
9.Bb2 Bb7 10.e4 dxe4 11.Nxe4 Nxe4 12.Bxe4 Nf6 13.Bc2 c5 14.Re1 Qc7 15.Qe2 Rfe8
16.d5 Bd8 17.Qd3 g6 18.dxe6 fxe6 19.Ne5 Be4 20.Rxe4 Nxe4 21.Qxe4 Bf6 22.Re1 Rad8
23.h4 Qg7 24.Re3 Rd2 25.Bc3 Rd6 26.h5 Red8 27.hxg6 hxg6 28.Rg3 g5 29.Rh3 Rd4
30.Bxd4 Rxd4 31.Qc6 Bxe5 32.Qe8+ Qf8 33.Qg6+ Bg7 34.Rh8+  1-0

[Event "Tatry Open 2013"]
[Site "Tatranske Zruby SVK"]
[Date "2013.10.05"]
[Round "8.1"]
[White "Repka,C"]
[Black "Vul,A"]
[Result "1/2-1/2"]
[WhiteElo "2378"]
[BlackElo "2287"]

1.d4 d5 2.Nf3 e6 3.c4 Nf6 4.Nc3 c6 5.e3 Nbd7 6.Qc2 Bd6 7.Bd3 O-O 8.O-O dxc4
9.Bxc4 b5 10.Be2 Bb7 11.Rd1 Qc7 12.e4 e5 13.g3 Rfe8 14.dxe5 Nxe5 15.Bg5 Neg4
16.Rac1 a6 17.Nd4 h6 18.Bxg4 Nxg4 19.Qe2 Ne5 20.Nf5 hxg5 21.Rxd6 g4 22.h3 Rad8
23.Rxd8 Qxd8 24.hxg4 b4 25.Na4 Qg5 26.Rc5 Qxg4 27.Qxg4 Nxg4 28.f3 Nf6 29.Nd6 Re7
30.Nb6 Nd7 31.Nxd7 Rxd7 32.Nxb7 Rxb7 33.Rxc6 Rd7 34.Rc2 Rd3 35.Rf2 g5 36.Kf1 Rd1+
37.Kg2 Kg7 38.Rc2 f6 39.Kh3 a5 40.b3 Rd3 41.Kg4 a4 42.bxa4 Ra3 43.e5 fxe5
44.Rc4 Rxa4 45.Kxg5 Ra3 46.Kg4 b3 47.axb3 Rxb3 48.Rc6 Kf7 49.Rh6 Re3 50.Rb6 Ra3
51.Rd6 Rb3 52.Rh6 Re3 53.Rh2 Kf6 54.Rf2 Kg6 55.Kh3 Kg5 56.Rf1 Kh5 57.Kg2 Re2+
58.Rf2 Re3 59.Ra2 Kg5 60.Ra5 Kf5 61.g4+ Kf4 62.Ra4+ e4 63.fxe4 Kxg4 64.Kf2 Rb3
65.Ke2 Kf4 66.Kd2 Rh3  1/2-1/2

[Event "ch-Novoyavorivsk Chess Club 2013"]
[Site "Novoyavorivsk UKR"]
[Date "2013.10.06"]
[Round "6.4"]
[White "Omelja,A"]
[Black "Pugachov,I"]
[Result "1-0"]
[WhiteElo "2253"]
[BlackElo "2120"]

1.d4 d5 2.c4 e6 3.Nc3 Nf6 4.Nf3 c6 5.e3 Nbd7 6.Qc2 dxc4 7.Bxc4 b5 8.Bd3 a6
9.Ne4 Qb6 10.Bd2 a5 11.Rc1 Bb7 12.Nc5 Bxc5 13.dxc5 Qc7 14.e4 O-O 15.h3 Rfd8
16.Be3 e5 17.O-O Nf8 18.Rfd1 Ne6 19.a4 Nd4 20.Bxd4 exd4 21.axb5 cxb5 22.c6 Ba6
23.e5 Nd5 24.Bxh7+ Kf8 25.Rxd4  1-0

[Event "TCh-CRO II Liga 2013"]
[Site "Primosten CRO"]
[Date "2013.10.06"]
[Round "6.4"]
[White "Vukic,Boris"]
[Black "Cecuk,M"]
[Result "0-1"]
[WhiteElo "1984"]
[BlackElo "2105"]

1.d4 d5 2.c4 c6 3.Nc3 Nf6 4.e3 e6 5.Nf3 Nbd7 6.Bd3 a6 7.O-O dxc4 8.Bxc4 b5
9.Bd3 c5 10.b3 Be7 11.Bb2 Bb7 12.Rc1 O-O 13.Qe2 Qa5 14.Rfd1 Rfd8 15.e4 cxd4
16.Nxd4 Nc5 17.e5 Nxd3 18.Rxd3 Nd5 19.Qg4 h5 20.Qd1 Nf4 21.Rd2 Bxg2 22.Nce2 Bg5
23.b4 Qb6 24.Nxf4 Bxf4 25.Kxg2 Qb7+ 26.Kg1 Qe4 27.Re2 Qg6+ 28.Kf1 Bxh2 29.Rd2 Bf4
30.Rcc2 Rd5 31.Rd3 Rad8 32.Re2 Qg4 33.Re4 Qxd1+ 34.Rxd1 Bxe5 35.Kg2 Bf6 36.f4 e5
37.fxe5 Bxe5 38.Rxe5 Rxe5 39.Rd2 f5 40.Rf2 Rf8 41.Nc6 Re4 42.a3 g5 43.Nd4 f4
44.Nf3 Rf5 45.Nd4 Rd5 46.Nb3 Re3 47.Nc5 Rf5 48.Rd2 g4 49.Rd8+ Kf7 50.Rd6 Re2+  0-1

[Event "TCh-AUT 2nd Ost 2013-14"]
[Site "Vienna AUT"]
[Date "2013.10.06"]
[Round "2.1"]
[White "Kummer,Hel"]
[Black "Zilka,S"]
[Result "0-1"]
[WhiteElo "2331"]
[BlackElo "2525"]

1.d4 Nf6 2.c4 e6 3.Nf3 d5 4.Nc3 c6 5.e3 Nbd7 6.Bd3 dxc4 7.Bxc4 b5 8.Bd3 Bb7
9.e4 b4 10.Na4 c5 11.e5 Nd5 12.Nxc5 Nxc5 13.dxc5 Bxc5 14.O-O h6 15.Nd2 Nc3
16.Qc2 Qd5 17.Nf3 Rd8 18.Ne1 Bd4 19.Bd2 Nb5 20.Nf3 Bb6 21.Bc4 Qc6 22.Bxb4 Nd4
23.Qc3 f5 24.Rfd1 Kf7 25.Bd6 Nxf3+ 26.Qxf3 Qxf3 27.gxf3 Bxf3 28.Rd2 h5 29.Be2 Be4
30.Kf1 g5 31.b4 g4 32.Rad1 h4 33.Bc5 Rxd2 34.Rxd2 Bxc5 35.bxc5 Rc8 36.Rd4 Bd5
37.Ra4 Rxc5 38.Rxa7+ Kg6 39.Ke1 Rc1+ 40.Kd2 Rh1 41.Bb5 Rxh2 42.Ke3 Rh3+ 43.Ke2 Rc3  0-1

[Event "23rd EYCC Girls U18 2013"]
[Site "Budva MNE"]
[Date "2013.10.07"]
[Round "8.23"]
[White "Gulay,Ayca Nuriye"]
[Black "Klepeckaite,Radvile"]
[Result "1-0"]
[WhiteElo "1634"]
[BlackElo "1716"]

1.d4 d5 2.c4 c6 3.Nf3 Nf6 4.Nc3 e6 5.e3 Nbd7 6.Qc2 Bd6 7.Be2 O-O 8.O-O dxc4
9.Bxc4 e5 10.Bb3 exd4 11.exd4 h6 12.Bxh6 gxh6 13.Qg6+ Kh8 14.Qxh6+ Kg8 15.Ng5 Bf4
16.Nce4 a5 17.Qg6+ Kh8 18.Bxf7  1-0

[Event "23rd EYCC Girls U18 2013"]
[Site "Budva MNE"]
[Date "2013.10.07"]
[Round "8.21"]
[White "Cazacu,G"]
[Black "Mahmutbegovic,N"]
[Result "1/2-1/2"]
[WhiteElo "1876"]
[BlackElo "1809"]

1.d4 d5 2.c4 c6 3.Nf3 Nf6 4.Nc3 e6 5.e3 Bd6 6.Bd3 dxc4 7.Bxc4 b5 8.Bd3 Nbd7
9.O-O O-O 10.Qc2 Bb7 11.e4 e5 12.dxe5 Nxe5 13.Nxe5 Bxe5 14.h3 Nh5 15.Ne2 Qh4
16.f4 Bc7 17.Be3 Rfe8 18.Rf3 Qe7 19.g4 Nf6 20.e5 Nd5 21.Bxh7+ Kh8 22.Bc5 Qxc5+
23.Qxc5 Bb6 24.Qxb6 Nxb6 25.Be4 Nc4 26.Rc3 Nxb2 27.Bxc6 Bxc6 28.Rxc6 Rac8
29.Rac1 Nc4 30.Nd4 Rxc6 31.Nxc6 a6 32.a4 Re6 33.axb5 axb5 34.Nd4 Rb6 35.Nxb5 Nxe5
36.Rc8+ Kh7 37.fxe5 Rxb5 38.Re8 Rb3 39.Kg2 g5 40.e6 Rb2+ 41.Kg3 Rb3+ 42.Kg2 Rb2+
43.Kf3 Rb3+ 44.Ke4 fxe6 45.Rxe6 Rxh3 46.Kf5 Rh6 47.Re7+ Kg8 48.Kxg5 Rb6 49.Ra7 Rc6
50.Kh5 Rb6 51.g5 Rc6 52.Re7 Rb6 53.Ra7 Rc6 54.Ra5 Kg7 55.g6 Rc1 56.Ra7+ Kg8  1/2-1/2

[Event "23rd EYCC Girls U18 2013"]
[Site "Budva MNE"]
[Date "2013.10.08"]
[Round "9.24"]
[White "Radosevic,Nevena"]
[Black "Korbovljanovic,N"]
[Result "1-0"]
[WhiteElo "1449"]
[BlackElo "1897"]

1.d4 d5 2.c4 c6 3.Nf3 Nf6 4.Nc3 e6 5.e3 Bd6 6.Bd3 Nbd7 7.O-O O-O 8.b3 Re8
9.Bb2 dxc4 10.Bxc4 b5 11.Be2 b4 12.Na4 Bb7 13.Rc1 Rc8 14.Nd2 e5 15.Nc4 Bb8
16.dxe5 Nxe5 17.Qc2 Nfg4 18.Nxe5 Nxe5 19.Nc5 Qc7 20.g3 Ba8 21.Rfd1 Qe7 22.Bxe5 Qxe5
23.Rd7 Red8 24.Ba6 Rxd7 25.Nxd7 Qc7 26.Bxc8 Qxc8 27.Nxb8 Qxb8 28.Qc5 h6 29.Rc4 a5
30.Qxa5 c5 31.Qxc5 Kh7 32.Qf5+  1-0

[Event "Chigorin Memorial"]
[Site "St Petersburg RUS"]
[Date "2013.10.08"]
[Round "4.58"]
[White "Reshetnikov,Ruslan"]
[Black "Romanko,M"]
[Result "0-1"]
[WhiteElo "1878"]
[BlackElo "2359"]

1.d4 d5 2.c4 c6 3.Nc3 Nf6 4.Nf3 e6 5.e3 Nbd7 6.Bd3 dxc4 7.Bxc4 b5 8.Bd3 Bb7
9.e4 b4 10.Na4 c5 11.e5 Nd5 12.Nxc5 Nxc5 13.dxc5 Bxc5 14.O-O h6 15.Qe2 Qb6
16.Bd2 Rc8 17.Rac1 Ke7 18.Rc2 a5 19.Rfc1 Rhd8 20.g3 a4 21.Be1 b3 22.axb3 axb3
23.Rc4 Ba6 24.Rg4 Bxd3 25.Qxd3 Bxf2+ 26.Bxf2 Rxc1+ 27.Kg2 Nf4+  0-1

[Event "Chigorin Memorial"]
[Site "St Petersburg RUS"]
[Date "2013.10.08"]
[Round "4.17"]
[White "Aleksandrov,A"]
[Black "Mokshanov,A"]
[Result "1/2-1/2"]
[WhiteElo "2600"]
[BlackElo "2411"]

1.d4 d5 2.c4 e6 3.Nc3 c6 4.e3 Nf6 5.Nf3 Nbd7 6.Qc2 Bd6 7.Bd3 O-O 8.O-O dxc4
9.Bxc4 a6 10.Rd1 Qc7 11.e4 e5 12.g3 b5 13.Bf1 c5 14.dxe5 Nxe5 15.Nxe5 Bxe5
16.Bg2 Bb7 17.Ne2 c4 18.h3 Rfe8 19.Nf4 Rad8 20.Be3 Bd6 21.f3 Bc5 22.Bxc5 Qxc5+
23.Qf2 Nd7 24.Rd2 Qxf2+ 25.Kxf2 Ne5 26.Rad1 Rxd2+ 27.Rxd2 f6 28.Bf1 Kf7 29.Be2 Rc8
30.Ng2 Ke7 31.Ne3 g6 32.Rc2 Nd7 33.b3 cxb3 34.axb3 Ne5 35.Nd5+ Kf7 36.Rxc8 Bxc8
37.h4 Be6 38.Nc7 Bxb3 39.Nxa6 Bc4 40.f4 Bxe2 41.Kxe2 Nc6 42.Kd3 h6 43.Nc7 b4
44.Nb5 Na5 45.Nd4 h5 46.f5 gxf5 47.exf5 Nb7 48.Kc4 Nd6+ 49.Kxb4 Ne4 50.Kc4 Nxg3
51.Kd5 Ke7 52.Kc6 Nf1 53.Nc2 Nd2 54.Ne1 Nf1 55.Ng2 Ng3 56.Ne3 Kf7 57.Kd7 Ne2
58.Nc2 Nf4 59.Ne1 Kf8 60.Kd6 Kf7 61.Kc5 Ne2 62.Nc2 Nf4 63.Ne3 Ne2 64.Kd5 Ng3
65.Kd6 Ne4+ 66.Kc6 Ke7 67.Nf1 Nd6 68.Ng3 Nc4 69.Nxh5 Ne5+  1/2-1/2

[Event "Chigorin Memorial"]
[Site "St Petersburg RUS"]
[Date "2013.10.08"]
[Round "4.107"]
[White "Kazakovskiy,Valeriy"]
[Black "Rubtsov,Daniil"]
[Result "1-0"]
[WhiteElo "2051"]
[BlackElo "1522"]

1.d4 d5 2.c4 e6 3.Nf3 c6 4.e3 Nf6 5.Nc3 Be7 6.Bd3 Nbd7 7.O-O O-O 8.b3 c5
9.cxd5 exd5 10.Bb2 Nb6 11.dxc5 Bxc5 12.h3 Qe7 13.Rc1 Nbd7 14.Bb1 Nb6 15.Qd3 g6
16.Nb5 Bf5 17.Qc3 Nbd7 18.Nc7 d4 19.Nxd4 Bxd4 20.Qxd4 Be6 21.Nxa8 Rxa8 22.Rc7 Kg7
23.Rd1 Rd8 24.Rxb7  1-0

[Event "7th Univ Cent Open 2013"]
[Site "Bogota COL"]
[Date "2013.10.10"]
[Round "2.36"]
[White "Otalora,C"]
[Black "Ordonez Gonzalez,Gabriel"]
[Result "1-0"]
[WhiteElo "2140"]
[BlackElo "1884"]

1.d4 Nf6 2.c4 e6 3.Nf3 c6 4.Nc3 d5 5.e3 Nbd7 6.Bd3 Be7 7.O-O O-O 8.b3 Qc7
9.Bb2 Re8 10.Rc1 Qa5 11.a3 dxc4 12.bxc4 Qh5 13.Ne2 Bd6 14.e4 e5 15.Ng3 Qg6
16.dxe5 Bxe5 17.Nxe5 Nxe5 18.Bxe5 Rxe5 19.f4 Bg4 20.Qc2  1-0

[Event "Indonesia Open 2013"]
[Site "Jakarta INA"]
[Date "2013.10.10"]
[Round "1.26"]
[White "Dao Thien Hai"]
[Black "Bilguun,Sumiya"]
[Result "1-0"]
[WhiteElo "2500"]
[BlackElo "2284"]

1.d4 d5 2.c4 e6 3.Nc3 c6 4.e3 Nf6 5.Nf3 Nbd7 6.Qc2 Bd6 7.g4 h6 8.h3 dxc4
9.Bxc4 b5 10.Be2 Bb7 11.e4 Be7 12.a3 b4 13.axb4 Bxb4 14.e5 Nd5 15.Bd2 Bxc3
16.bxc3 c5 17.Qb1 Bc6 18.Rg1 Qc7 19.g5 Rb8 20.Qc1 hxg5 21.Nxg5 Ne7 22.Bg4 Qb7
23.Qa3 Bd5 24.Rc1 Qb5 25.Be2 Qb6 26.c4 Ba8 27.d5 Nxe5 28.Qc3 N7g6 29.f4 exd5
30.fxe5 d4 31.Qg3 O-O 32.e6 fxe6 33.Nh7 Be4 34.Bh5 Rf7 35.Bxg6 Bxg6 36.Qxg6 e5
37.Qxb6 axb6 38.Ng5 Rc7 39.Ke2 b5 40.cxb5 c4 41.Rb1 c3 42.Bc1 Rcb7 43.Kd3  1-0

[Event "Chigorin Memorial"]
[Site "St Petersburg RUS"]
[Date "2013.10.10"]
[Round "6.32"]
[White "Volkov,Sergey1"]
[Black "Grinberg,E"]
[Result "1-0"]
[WhiteElo "2628"]
[BlackElo "2087"]

1.d4 d5 2.c4 c6 3.Nc3 Nf6 4.e3 e6 5.Nf3 Nbd7 6.Bd3 dxc4 7.Bxc4 b5 8.Be2 Bb7
9.O-O a6 10.e4 c5 11.e5 Nd5 12.a4 Nxc3 13.bxc3 c4 14.Ng5 Be7 15.Bf3 Bxf3
16.Qxf3 O-O 17.Qh5 Bxg5 18.Bxg5 Qe8 19.Qh4 f6 20.exf6 Nxf6 21.Bxf6 Rxf6 22.Qe4 Rd8
23.axb5 Qxb5 24.Rfb1 Qd5 25.Qe2 a5 26.f3 Rc8 27.Ra4 Qf5 28.Rd1 Qb5 29.Rda1 Qf5
30.Rxa5 Qf4 31.Re5 Re8 32.Re1 Rg6 33.d5 h5 34.dxe6 h4 35.e7 h3 36.g3  1-0

[Event "Chigorin Memorial"]
[Site "St Petersburg RUS"]
[Date "2013.10.10"]
[Round "6.13"]
[White "Al Sayed,Mohamad"]
[Black "Bukavshin,I"]
[Result "0-1"]
[WhiteElo "2498"]
[BlackElo "2553"]

1.d4 Nf6 2.c4 e6 3.Nf3 d5 4.Nc3 c6 5.e3 Nbd7 6.Bd3 dxc4 7.Bxc4 b5 8.Bd3 a6
9.e4 c5 10.d5 Bb7 11.O-O Qc7 12.dxe6 fxe6 13.Bc2 Bd6 14.Ng5 Nf8 15.f4 O-O-O
16.Qe2 h6 17.Nf3 Bxf4 18.e5 Bxf3 19.Qxf3 Bxe5 20.Qa8+ Kd7 21.Qxa6 b4 22.Na4 Bd4+
23.Kh1 g5 24.Rxf6 Bxf6 25.Be3 Bd4 26.Nxc5+ Ke7 27.Bxd4 Rxd4 28.Nxe6 Nxe6
29.Re1 Qc4 30.Qa7+ Rd7 31.Qb6 Rf8  0-1

[Event "7th Univ Cent Open 2013"]
[Site "Bogota COL"]
[Date "2013.10.11"]
[Round "3.3"]
[White "Almeida Quintana,O"]
[Black "Otalora,C"]
[Result "1-0"]
[WhiteElo "2472"]
[BlackElo "2140"]

1.Nf3 Nf6 2.c4 c6 3.d4 d5 4.Nc3 e6 5.e3 Nbd7 6.Qc2 Be7 7.b3 b6 8.Bb2 Bb7
9.Bd3 h6 10.O-O O-O 11.Rad1 Rc8 12.e4 dxe4 13.Nxe4 Qc7 14.Rfe1 c5 15.dxc5 bxc5
16.Qc3 Rfd8 17.Bb1 Nf8 18.Qe3 Nxe4 19.Bxe4 Bxe4 20.Qxe4 Nd7 21.g3 Bf6 22.Bc1 a5
23.Bf4 Qa7 24.Rd6 a4 25.Red1 axb3 26.axb3 Nf8 27.Rxd8 Rxd8 28.Rxd8 Bxd8 29.Qc6 f6
30.Be3 Be7 31.b4 Qa1+ 32.Kg2 cxb4 33.Qe8 b3 34.Qxe7 b2 35.Bd4 b1=Q 36.Bxa1 Qxa1
37.c5 Qa4 38.Qb7 Qd7 39.c6 Qxb7 40.cxb7 Nd7 41.Nd4 Nb8 42.Nxe6 Kf7 43.Nd4 Ke8
44.Kf3 Kd7 45.Ke4 g6 46.Kd5  1-0

[Event "7th Univ Cent Open 2013"]
[Site "Bogota COL"]
[Date "2013.10.11"]
[Round "3.64"]
[White "Sosa Florez,Juan Sebastian"]
[Black "Perez Rodriguez,L"]
[Result "0-1"]
[WhiteElo "1765"]
[BlackElo "2416"]

1.d4 d5 2.c4 c6 3.Nc3 Nf6 4.Nf3 e6 5.e3 Nbd7 6.Bd3 dxc4 7.Bxc4 b5 8.Bd3 Bd6
9.O-O O-O 10.e4 e5 11.h3 Bb7 12.a3 Re8 13.Qc2 exd4 14.Nxd4 Ne5 15.Bg5 Nxd3
16.Qxd3 c5 17.Bxf6 gxf6 18.Qxb5 cxd4 19.Qxb7 dxc3 20.bxc3 Qe7 21.Qd5 Rad8
22.Kh1 Qxe4 23.Qxe4 Rxe4 24.Rfd1 Be7 25.Rxd8+ Bxd8 26.Rd1 Bb6 27.f3 Re3 28.Rc1 Ba5
29.c4 Rxa3 30.c5 Rc3 31.Rxc3 Bxc3  0-1

[Event "7th Univ Cent Open 2013"]
[Site "Bogota COL"]
[Date "2013.10.11"]
[Round "4.23"]
[White "Rodriguez Rueda,P"]
[Black "Molina,Ra"]
[Result "1-0"]
[WhiteElo "2250"]
[BlackElo "1990"]

1.d4 d5 2.c4 c6 3.Nf3 Nf6 4.Nc3 e6 5.e3 Bb4 6.Bd3 O-O 7.O-O Bxc3 8.bxc3 Nbd7
9.Qc2 Re8 10.Ne5 h6 11.f4 Qa5 12.Bd2 Qc7 13.Kh1 a5 14.Rf3 b6 15.Rg3 a4 16.Rf1 c5
17.cxd5 exd5 18.Qd1 Ba6 19.Bxa6 Rxa6 20.Rgf3 Ne4 21.Rh3 b5 22.Be1 Nxe5 23.fxe5 Ree6
24.Rhf3 Re7 25.Qd3 c4 26.Qc2 Qc6 27.Rf5 Qg6 28.Qe2 Rae6 29.R5f4 a3 30.Rg4 Qh7
31.h4 g5 32.Rff4 Kh8 33.Rxe4 dxe4 34.Qf1 f5 35.exf6 Rf7 36.Bg3 Qg6 37.Be5 Kh7
38.Kg1 Rexf6 39.Bxf6 Rxf6 40.Qb1 Qf5 41.Qxe4 b4 42.cxb4 Kg6 43.d5 Rd6 44.h5+ Kf6
45.Qxf5+ Kxf5 46.Rxc4 Ke5 47.e4 g4 48.Kf2 Rf6+ 49.Kg3 Rf1 50.Rc3 Rb1 51.Rxa3 Rxb4
52.Re3 Rb2 53.a4 Ra2 54.a5 Kd6 55.Kxg4 Rxg2+ 56.Kf5 Rg5+ 57.Kf6 Rxh5 58.a6 Rh1
59.Ra3 Rf1+ 60.Kg6 Rf8 61.a7 Ra8 62.Kxh6 Ke5 63.Ra4  1-0

[Event "TCh-ISL Div1 2013-14"]
[Site "Reykjavik ISL"]
[Date "2013.10.11"]
[Round "2.4"]
[White "Gardarsson,Ho"]
[Black "Jonsson,Bjorn2"]
[Result "1-0"]
[WhiteElo "1830"]
[BlackElo "2028"]

1.d4 d5 2.c4 c6 3.Nc3 Nf6 4.Nf3 e6 5.e3 Nbd7 6.Bd3 dxc4 7.Bxc4 b5 8.Bd3 Bb7
9.O-O a6 10.b3 Rc8 11.Bb2 c5 12.Rc1 Be7 13.Qe2 O-O 14.Bb1 Qb6 15.Rfd1 Bc6
16.Ne5 Qb7 17.Nxc6 Qxc6 18.Qc2 cxd4 19.Rxd4 Rfe8 20.Qd2 Qb7 21.Rd1 Nc5 22.b4 e5
23.Rh4 Ne6 24.Ne4 Nf8 25.Bxe5 Ng6 26.Bxf6 Nxh4 27.Bxe7 Rxe7 28.Qd8+ Re8 29.Qxh4 h6
30.h3 Qe7 31.Qg4 Rcd8 32.Rc1 Rd5 33.Ng3 Qe5 34.Nf5 Kh8 35.Nd4 h5 36.Qf3 Rf8
37.Rc6 g6  1-0

[Event "Chigorin Memorial"]
[Site "St Petersburg RUS"]
[Date "2013.10.11"]
[Round "7.57"]
[White "Biriukov,O"]
[Black "Doronkin,Grigory"]
[Result "1-0"]
[WhiteElo "2328"]
[BlackElo "1981"]

1.d4 d5 2.c4 c6 3.Nc3 Nf6 4.e3 e6 5.Nf3 Nbd7 6.Qc2 Bd6 7.Bd3 O-O 8.O-O dxc4
9.Bxc4 a6 10.Rd1 b5 11.Bd3 Bb7 12.Ng5 Bxh2+ 13.Kxh2 Ng4+ 14.Kg1 Qxg5 15.f3 Ngf6
16.e4 Qh4 17.Be3 Rac8 18.b4 Nh5 19.g4 Qg3+ 20.Qg2 Qxg2+ 21.Kxg2 Nhf6 22.Ne2 Rfd8
23.Nc1 Ne8 24.Nb3 e5 25.Rac1 Nc7 26.Be2 Ne6 27.dxe5 Nxe5 28.Na5 Ba8 29.f4 Ng6
30.Kg3 Nef8 31.Bf3 f6 32.Bb6 Rxd1 33.Rxd1 Kf7 34.Nb3 Rb8 35.Ba5 Bb7 36.Nc5 Bc8
37.Rd6 Ne7 38.f5 g6 39.Kf2 h5 40.g5 fxg5 41.f6 g4 42.Bd1 Be6 43.Nxe6 Nxe6
44.Bb3 Kxf6 45.Rxe6+ Kf7 46.Rxc6+ Kg7 47.Rc7 Kf8 48.Be6 Re8 49.Bb6 Kg7 50.Bd4+ Kh6
51.Bf7  1-0

[Event "7th Univ Cent Open 2013"]
[Site "Bogota COL"]
[Date "2013.10.12"]
[Round "6.64"]
[White "Alvarez,Nelson"]
[Black "Corredor Castellanos,Camilo"]
[Result "0-1"]
[WhiteElo "1821"]
[BlackElo "1873"]

1.d4 d5 2.c4 c6 3.e3 Nf6 4.Nc3 e6 5.Nf3 Nbd7 6.Bd3 Be7 7.O-O dxc4 8.Bxc4 b5
9.Bd3 Bb7 10.a3 a6 11.Re1 c5 12.Bd2 O-O 13.Rc1 Rc8 14.Bb1 Nb6 15.dxc5 Bxc5
16.Qe2 Bxf3 17.gxf3 Nc4 18.Rc2 Qe7 19.e4 Rfd8 20.Bg5 h6 21.Bh4 g5 22.Bg3 Nh5
23.f4 Nxf4 24.Bxf4 gxf4 25.Kh1 Kh8 26.Qh5 Qf6 27.e5 Qg6 28.Qh3 Rd3 29.f3 Re3
30.Rce2 Qg7 31.Rg1 Qxg1+ 32.Kxg1 Rxf3+ 33.Kg2 Rxh3 34.Kxh3 f3 35.Re4 f2 36.Rf4 Be3
37.Rxf7 Nxe5 38.Rh7+ Kg8 39.Kg2 Rf8 40.Kf1 Ng4 41.Bd3 Nxh2+ 42.Kg2 f1=Q+
43.Bxf1 Rf2+ 44.Kg3 Nxf1+  0-1

[Event "7th Univ Cent Open 2013"]
[Site "Bogota COL"]
[Date "2013.10.12"]
[Round "6.36"]
[White "Ramirez,Hei"]
[Black "Dabraccio,Guillermo"]
[Result "1-0"]
[WhiteElo "2111"]
[BlackElo "1773"]

1.Nf3 d5 2.c4 Nf6 3.d4 c6 4.e3 e6 5.Nc3 Nbd7 6.Bd3 Bd6 7.O-O O-O 8.e4 dxe4
9.Nxe4 Nxe4 10.Bxe4 e5 11.dxe5 f5 12.Bxc6 Nxe5 13.Qd5+ Kh8 14.Nxe5 bxc6 15.Nf7+ Rxf7
16.Qxf7 Qg8 17.Qxg8+ Kxg8 18.Be3 Be6 19.b3 Kf7 20.Rad1 a6 21.Bc5 Bc7 22.Bd6 Bb6
23.Bf4 h6 24.Rfe1 Re8 25.Rd6 Ba5  1-0

[Event "7th Univ Cent Open 2013"]
[Site "Bogota COL"]
[Date "2013.10.12"]
[Round "6.16"]
[White "Rodriguez Rueda,P"]
[Black "Sanchez Castillo,S"]
[Result "0-1"]
[WhiteElo "2250"]
[BlackElo "2212"]

1.d4 Nf6 2.c4 e6 3.Nf3 d5 4.Nc3 c6 5.e3 Nbd7 6.Bd3 dxc4 7.Bxc4 b5 8.Bd3 b4
9.Ne2 c5 10.e4 Bb7 11.Bg5 Qb6 12.Bxf6 Nxf6 13.Ne5 Be7 14.Qa4+ Kf8 15.O-O cxd4
16.Rac1 g6 17.Nc4 Qd8 18.e5 Nd7 19.Nd6 Bxg2 20.Kxg2 Nxe5 21.Be4 Bxd6 22.Bxa8 Qxa8+
23.f3 d3 24.Qa6 Ke7 25.Ng3 f5 26.Rf2 Rd8 27.Nf1 g5 28.Nd2 Ng4 29.Rc6 Nxf2
30.Kxf2 Qb8 31.Nc4 d2 32.Nxd2 Bc5+ 33.Rxc5 Qxh2+  0-1

[Event "7th Univ Cent Open 2013"]
[Site "Bogota COL"]
[Date "2013.10.12"]
[Round "6.4"]
[White "Otero Acosta,D"]
[Black "Ruiz Sanchez,O"]
[Result "1/2-1/2"]
[WhiteElo "2519"]
[BlackElo "2420"]

1.d4 d5 2.c4 c6 3.Nf3 Nf6 4.Nc3 e6 5.e3 Nbd7 6.Qc2 Bd6 7.Bd2 O-O 8.O-O-O b5
9.e4 b4 10.e5 bxc3 11.Bxc3 dxc4 12.Bxc4 Nd5 13.exd6 N7f6 14.Ne5 Qxd6 15.Rhe1 a5
16.Kb1 a4 17.a3 Ba6 18.Ba2 Rfb8 19.Ka1 Rc8 20.g4 Nd7 21.g5 Nxe5 22.dxe5 Qc5
23.Rd2 Bb5 24.h4 Rd8 25.Red1 Rd7 26.h5 g6 27.Rd4 Rad8 28.hxg6 hxg6 29.Rh1 Nxc3
30.Bxe6 Kf8 31.Rxd7 Rxd7 32.Bxd7 Qd5 33.Rh8+ Kg7 34.Qxc3 Qd1+ 35.Ka2 Qd5+
36.b3 Kxh8 37.Kb2 Kg8 38.bxa4 Bxa4 39.Bh3 Qb5+ 40.Kc1 Qe2 41.e6 Qd1+ 42.Kb2 Qe2+
43.Kc1 Qd1+ 44.Kb2 Qe2+  1/2-1/2